000 00691nam a22001937a 4500
008 160517b xxu||||| |||| 00| 0 eng d
020 _a978-971-821-077-2
082 _22006
_aDFil 301.599
_bC11a
245 _aApplied sociology:
_ba modular approach(textbook in general sociology)/
_cDanilo Hipolito Cabalu [and three others].
250 _a2006 Edition.
260 _aMalabon City:
_bMutya Publishing House,
_cc2006.
300 _a245 pages;
_c25 cm.
500 _aIncludes bibliographical references.
650 0 _98412
_aSociology
_zPhilippines
700 _98413
_aPasigui, Ronnie E.
700 _98414
_aSadsad, Evelyn S.
700 _98415
_aWright, James Alfred.
942 _2ddc
_cDFIL
999 _c2545
_d2545